Great races

Bibliographic Details
Main Author: Magee, Sean
Format: Book
Published: London : Anaya Publishers Ltd. , 1990
Subjects:

MARC

LEADER 00000cam a2200000 7i4500
001 0000074896
005 20170812.0
008 170812
020 |a 9781854700162 
090 0 0 |a 798.4   |b MAG 
100 0 |a Magee, Sean 
245 1 0 |a Great races   |c Sean Magee 
260 |a London :   |b Anaya Publishers Ltd. ,   |c 1990 
300 |a 144p. 
650 0 |a Racehorse. Racing. Races. History 
999 |a 0000217243   |b Book   |c Adult Collection   |e Cawangan Muar